000 00822nam0a22002411 4500
001 rc\3035375
005 20250530021308.0
035 _a(NLR Aleph) 007176027
090 _a7394114
_c7394114
100 _a20111003d1940 |||y0rusy50 ca
101 0 _arus
102 _aRU
105 _ay z |||||
200 1 _aОрганизация анаэробного отделения в войсковом районе
210 _a[Ленинград]
_cБ. и.
_d[1940]
215 _aС. 68-70
300 _aВ кн.: Труды Военно-Медицинской Академии Красной Армии им. С.М. Кирова. Т. 28. Л., 1940, с. 68-70
700 1 _aТеребин
_bА.Я.
801 0 _aRU
_bNLR
_gpsbo
801 1 _aRU
_bELAR
_2rusmarc
852 _aNLR
_jВ40 В-7/1(28)
942 _cBOOK
980 _aNB